00605nam a2200169 i 450000100060000000300090000600500170001500700030003200800410003510000280007624500830010426000430018730000300023085200320026099900170029295201260030987519ES-MaACL20230906175703.0t|041222s1957 sp ||||1| cat d1 aKucera, Enrique.96894514aLes Illes Baleares b: les perles de la Méditerranée / cpar Henri Kucera. aBarcelona : bEnrique Kucera, c[1957] a114 p. : bil. ; c14 cm. aES-MaACLjC-17383 bR.44294 c87519d87519 00104070aATENEOMbATENEOMcGaleríad2008-01-17eSCl0oC-17383p1091435r2023-02-23 00:00:00w2023-02-23yMONOGRAFIA